Študijná príručka ... Drevárska fakulta

Bibliographic Details
New Title:Sprievodca štúdiom
Previous Title:Študijný program ...
Corporate Author: Technická univerzita vo Zvolene. Drevárska fakulta
Format: Serial
Language:Slovak
PhysicalDescription:11 zv. tab. 21 cm
Published: Vo Zvolene Technická univerzita 2004-[2014]
ISBN:8022813680 (brož. : r. 2004/2005)
8022814954 (brož. : r. 2005/2006/1)
8022815012 (brož. : r. 2005/2006/2)
8022816469 (brož. : r. 2006/2007/1)
8022816418 (brož. : r. 2006/2007/2)
9788022817745 (brož. : r. 2007/2008/1)
9788022817752 (brož. : r. 2007/2008/2)
9788022820158 (brož. : r. 2009/2010)
9788022819046 (brož. : r. 2008/2009/1)
9788022821360 (brož. : r. 2010/2011)
9788022822633 (brož. : r. 2011/2012)
9788022823814 (brož. : r. 2012/2013)
9788022825375 (brož. : r. 2013/2014)
9788022826600 (brož. : r. 2014/2015)
9788022819053 (brož. : r. 2008/2009/2)
Subjects:

MARC

LEADER 00000cas a2200000 a 4500
001 vtls001486185
003 SK-MaSNL
005 20260228160840.0
008 041129d20042014xo ar 0 0b0slo
015 |a SNB2019-(r. 2008/2009, r. 2009/2010, r. 2010/2011, r. 2011/2012, r. 2012/2013, r. 2013/2014, r. 2014/2015) 
020 |a 8022813680 (brož. : r. 2004/2005) 
020 |a 8022814954 (brož. : r. 2005/2006/1) 
020 |a 8022815012 (brož. : r. 2005/2006/2) 
020 |a 8022816469 (brož. : r. 2006/2007/1) 
020 |a 8022816418 (brož. : r. 2006/2007/2) 
020 |a 9788022817745 (brož. : r. 2007/2008/1) 
020 |a 9788022817752 (brož. : r. 2007/2008/2) 
020 |a 9788022820158 (brož. : r. 2009/2010) 
020 |a 9788022819046 (brož. : r. 2008/2009/1) 
020 |a 9788022821360 (brož. : r. 2010/2011) 
020 |a 9788022822633 (brož. : r. 2011/2012) 
020 |a 9788022823814 (brož. : r. 2012/2013) 
020 |a 9788022825375 (brož. : r. 2013/2014) 
020 |a 9788022826600 (brož. : r. 2014/2015) 
020 |a 9788022819053 (brož. : r. 2008/2009/2) 
035 |a SNK000441478 
040 |a SNK  |b slo  |c SNK  |e AACR2 
041 0 |a slo 
043 |a e-xo--- 
044 |a xo  |c SK 
072 7 |a 378  |x Vysoké školy  |2 konspekt 
080 |a 050  |2 2011 
080 |a 378.6:62  |2 2011 
080 |a (437.641)  |2 2011 
080 |a 37.091.3  |2 2011 
080 |a (073)  |2 2011 
080 |a (036)  |2 2011 
080 |a (058)  |2 2011 
080 |a 674  |2 2011 
110 2 |a Technická univerzita vo Zvolene.  |b Drevárska fakulta  |9 32731 
245 1 0 |a Študijná príručka ...  |b Drevárska fakulta 
246 1 |i Názov v tiráži:  |a Študijná príručka Drevárskej fakulty TU vo Zvolene 
260 |a Vo Zvolene  |b Technická univerzita  |c 2004-[2014] 
300 |a 11 zv.  |b tab.  |c 21 cm 
310 |a 1x ročne 
362 0 |a 2004/2005-[2014/2015] 
500 |a Názov z obalu 
500 |a Súčasťou názvu je označenie akademického roku 
650 0 7 |a vysoké školy technické  |2 SNKPH  |9 71431 
650 0 7 |a drevárstvo  |2 SNKPH  |9 1116 
650 0 7 |a štúdium a výučba  |2 SNKPH  |9 3982 
650 0 7 |a Technical universities  |2 SNKPHeng  |9 265533 
650 0 7 |a Timber and woodworking industry  |2 SNKPHeng  |9 265534 
650 0 7 |a Study and teaching  |2 SNKPHeng  |9 265408 
651 7 |a Zvolen (Slovensko)  |2 SNKPH  |9 14595 
651 7 |a Zvolen (Slovakia)  |2 SNKPHeng  |9 265535 
655 7 |a ročenky  |2 SNKPH  |9 57146 
655 7 |a študijné programy  |2 SNKPH  |9 265409 
655 7 |a informačné publikácie  |2 SNKPH  |9 70181 
655 7 |a Study programs  |2 SNKPHeng  |9 265536 
655 7 |a Information publications  |2 SNKPHeng  |9 265188 
655 7 |a Yearbooks  |2 SNKPHeng  |9 120938 
752 |a Slovensko  |d Zvolen 
780 0 0 |t Študijný program ...  |w vtls001471343 
785 0 0 |t Sprievodca štúdiom  |w vtls010965418 
910 |a snk 
919 |a 80-228-1368-0 
919 |a 80-228-1495-4 
919 |a 80-228-1501-2 
919 |a 80-228-1646-9 
919 |a 80-228-1641-8 
919 |a 978-80-228-1774-5 
919 |a 978-80-228-1775-2 
919 |a 978-80-228-1904-6 
919 |a 978-80-228-2015-8 
919 |a 978-80-228-2136-0 
919 |a 978-80-228-2263-3 
919 |a 978-80-228-2381-4 
919 |a 978-80-228-2537-5 
919 |a 978-80-228-2660-0 
919 |a 978-80-228-1905-3 
999 |c 3764  |d 5694 
952 |0 0  |1 0  |4 0  |7 0  |8 0  |a SNK  |b SNK  |d 2006-05-15  |i snk2006/9596  |l 0  |o snkČSD 311/A/2005-2006/1  |p 17A0502148  |r 2026-02-21 19:52:19  |w 2026-02-21  |y PREZ 
952 |0 0  |1 0  |4 0  |7 0  |8 0  |a SNK  |b SNK  |d 2006-05-15  |i snk2006/9597  |l 0  |o snkČSD 311/A/2005-2006/1 D1  |p 17A0502149  |r 2026-02-21 19:52:19  |w 2026-02-21  |y PREZ 
952 |0 0  |1 0  |4 0  |7 0  |8 0  |a SNK  |b SNK  |d 2006-05-15  |i snk2006/9598  |l 0  |o snkČSD 311/A/2005-2006/2  |p 17A0502150  |r 2026-02-21 19:52:19  |w 2026-02-21  |y PREZ 
952 |0 0  |1 0  |4 0  |7 0  |8 0  |a SNK  |b SNK  |d 2006-05-15  |i snk2006/9599  |l 0  |o snkČSD 311/A/2005-2006/2 D1  |p 17A0502151  |r 2026-02-21 19:52:20  |w 2026-02-21  |y PREZ 
952 |0 0  |1 0  |4 0  |7 0  |8 0  |a SNK  |b SNK  |d 2006-10-09  |i snk2006/20222  |l 0  |o snkČSD 311/A/2006-2007/1  |p 17A0502874  |r 2026-02-21 20:04:26  |w 2026-02-21  |y PREZ 
952 |0 0  |1 0  |4 0  |7 0  |8 0  |a SNK  |b SNK  |d 2006-10-09  |i snk2006/20224  |l 0  |o snkČSD 311/A/2006-2007/1 D1  |p 17A0502875  |r 2026-02-21 20:04:26  |w 2026-02-21  |y PREZ 
952 |0 0  |1 0  |4 0  |7 0  |8 0  |a SNK  |b SNK  |d 2006-10-09  |i snk2006/20225  |l 0  |o snkČSD 311/A/2006-2007/2  |p 17A0502876  |r 2026-02-21 20:04:26  |w 2026-02-21  |y PREZ 
952 |0 0  |1 0  |4 0  |7 0  |8 0  |a SNK  |b SNK  |d 2006-10-09  |i snk2006/20226  |l 0  |o snkČSD 311/A/2006-2007/2 D1  |p 17A0502877  |r 2026-02-21 20:08:41  |w 2026-02-21  |y PREZ 
952 |0 0  |1 0  |4 0  |7 0  |8 0  |a SNK  |b SNK  |d 2008-01-28  |i snk2008/2119  |l 0  |o snkČSD 311/A/2007-2008/1  |p 17A0574346  |r 2026-02-21 20:28:23  |w 2026-02-21  |y PREZ 
952 |0 0  |1 0  |4 0  |7 0  |8 0  |a SNK  |b SNK  |d 2008-01-28  |i snk2008/2120  |l 0  |o snkČSD 311/A/2007-2008/1 D1 D1  |p 17A0574347  |r 2026-02-21 20:28:23  |w 2026-02-21  |y PREZ 
952 |0 0  |1 0  |4 0  |7 0  |8 0  |a SNK  |b SNK  |d 2008-01-28  |i snk2008/2121  |l 0  |o snkČSD 311/A/2007-2008/2  |p 17A0574348  |r 2026-02-21 20:28:23  |w 2026-02-21  |y PREZ 
952 |0 0  |1 0  |4 0  |7 0  |8 0  |a SNK  |b SNK  |d 2008-01-28  |i snk2008/2122  |l 0  |o snkČSD 311/A/2007-2008/2 D1  |p 17A0574349  |r 2026-02-21 20:28:24  |w 2026-02-21  |y PREZ 
952 |0 0  |1 0  |4 0  |7 0  |a SNK  |b SNK  |d 2004-11-29  |i snkPV 1529/2004  |l 0  |o snkČSD 311/A/2004-2005  |p 17A0446092  |r 2005-01-02 00:00:00  |w 2026-02-21  |y PREZ 
952 |0 0  |1 0  |4 0  |7 0  |a SNK  |b SNK  |d 2004-11-29  |i snkPV 1530/2004  |l 0  |o snkČSD 311/A/2004-2005 D1  |p 17A0446093  |r 2005-01-02 00:00:00  |w 2026-02-21  |y PREZ 
952 |0 0  |1 0  |4 0  |7 0  |8 0  |a SNK  |b SNK  |d 2019-03-27  |i snk2019/8469  |l 0  |o snkČSD 311/A/2008-2009/1  |p 17A1365885  |r 2026-02-21 21:51:31  |w 2026-02-21  |y PREZ 
952 |0 0  |1 0  |4 0  |7 0  |8 0  |a SNK  |b SNK  |d 2019-03-27  |i snk2019/8473  |l 0  |o snkČSD 311/A/2009-2010  |p 17A1365886  |r 2026-02-21 21:51:31  |w 2026-02-21  |y PREZ 
952 |0 0  |1 0  |4 0  |7 0  |8 0  |a SNK  |b SNK  |d 2019-03-27  |i snk2019/8476  |l 0  |o snkČSD 311/A/2010-2011  |p 17A1365887  |r 2026-02-21 21:51:31  |w 2026-02-21  |y PREZ 
952 |0 0  |1 0  |4 0  |7 0  |8 0  |a SNK  |b SNK  |d 2019-03-27  |i snk2019/8477  |l 0  |o snkČSD 311/A/2011-2012  |p 17A1365888  |r 2026-02-21 21:51:31  |w 2026-02-21  |y PREZ 
952 |0 0  |1 0  |4 0  |7 0  |8 0  |a SNK  |b SNK  |d 2019-03-27  |i snk2019/8493  |l 0  |o snkČSD 311/A/2012-2013  |p 17A1365889  |r 2026-02-21 21:51:31  |w 2026-02-21  |y PREZ 
952 |0 0  |1 0  |4 0  |7 0  |8 0  |a SNK  |b SNK  |d 2019-03-27  |i snk2019/8498  |l 0  |o snkČSD 311/A/2013-2014  |p 17A1365890  |r 2026-02-21 21:51:31  |w 2026-02-21  |y PREZ 
952 |0 0  |1 0  |4 0  |7 0  |8 0  |a SNK  |b SNK  |d 2019-03-27  |i snk2019/8499  |l 0  |o snkČSD 311/A/2014-2015  |p 17A1365891  |r 2026-02-21 21:51:31  |w 2026-02-21  |y PREZ 
952 |0 0  |1 0  |4 0  |7 0  |8 0  |a SNK  |b SNK  |d 2019-08-14  |i snk2019/20806  |l 0  |o snkČSD 311/A/2008-2009/2  |p 17A1369154  |r 2026-02-21 22:28:54  |w 2026-02-21  |y PREZ